000 00400 a2200109 4500
001 ART_39659
005 20260410162012.0
008 260409a
245 1 0 _aHacia una nueva visión de la política económica en economías abiertas
100 1 _aMilei, Javier Gerardo
773 0 _tPropuestas para la sociedad, el gobierno y la producción
_g- Año 5, Nº 9 (nov. 2001)
_wREV39547
999 _c32287
_d32287